MARC

LEADER 00000nam0a2200000 4500
001 251192
005 20231101232632.0
010 |a 5288000050 
035 |a (RuTPU)RU\TPU\book\273457 
090 |a 251192 
100 |a 20140219d1989 k y0rusy50 ca 
101 0 |a rus 
102 |a RU 
105 |a y z 001zy 
200 1 |a Диалектика формирования современной научной картины мира  |e монография  |f В. Н. Михайловский, Г. Н. Хон 
210 |a Ленинград  |c Изд-во Ленинградского ун-та  |d 1989 
215 |a 128 с. 
320 |a Библиогр. в тексте 
606 1 |a Научная картина мира  |2 stltpush  |3 (RuTPU)RU\TPU\subj\45108  |9 64370 
610 1 |a философия 
610 1 |a диалектика 
610 1 |a натурфилософия 
610 1 |a диалектико-материалистический подход 
610 1 |a научное мышление 
610 1 |a атомизм 
610 1 |a монографии 
686 |a Ю251  |v LBC/SL-A  |2 rubbk 
700 1 |a Михайловский  |b В. Н.  |g Валерий Николаевич 
701 1 |a Хон  |b Г. Н.  |g Геннадий Николаевич 
801 1 |a RU  |b 63413507  |c 20140219 
801 2 |a RU  |b 63413507  |c 20140319  |g RCR 
942 |c BK